[Event "Montreal 4th"]
[Site "Montreal"]
[Date "2003.08.03"]
[Round "11"]
[White "Onischuk, Alexander"]
[Black "Rozentalis, Eduardas"]
[Result "1/2-1/2"]
[WhiteElo "2657"]
[BlackElo "2586"]
[Annotator "Golod,V"]
[PlyCount "59"]
[EventDate "2003.07.23"]
[EventType "tourn"]
[EventRounds "11"]
[EventCountry "CAN"]
[EventCategory "11"]
[SourceTitle "CBM 097"]
[Source "ChessBase"]
[SourceDate "2003.11.11"]
[SourceVersion "1"]
[SourceVersionDate "2003.11.11"]
[SourceQuality "1"]

1. d4 Nf6 2. c4 e6 3. Nc3 Bb4 4. Qc2 O-O 5. a3 Bxc3+ 6. Qxc3 b6 7. Bg5 Ba6 8.
Qf3 {After my games against Lev Psakhis,1999 and Judit Polgar,2000 this idea
became very popular.Probably,White can not expect a big advantage in this
variant.} Nc6 9. e3 Re8 {This continuation is the next attempt to bring in a
"new word " in theory of this variant. Repeatedly were checked up in previous
games:} (9... h6 {See comments to Khalifman,A-Tiviakov,S/Dos Hermanas,2003/CBM
95(1-0)(Golod,V)(51)}) ({Is more interesting alternative:} 9... Na5 $5 {
You can see comments to Beliavsky,A-Kortschnoj,V/Lviv,2000/CBM 77(1/2-1/2)
(Golod,V)(33)}) ({Before with me played:} 9... Bb7 {You can see annotations to
game: Golod,V-Soffer,R/ISR,2002/CBM 89 (1/2-1/2)(Golod,V)(23)}) 10. Nh3 $5 $146
({Were checked in the preceding game of Eduardas Rozentalis:} 10. Rc1 $5 Bb7 {
[%csl Rf3]} 11. Bxf6 Qxf6 12. Qxf6 gxf6 13. Nf3 (13. Ne2 $5 {[%cal Ye2c3]})
13... Ne7 14. c5 Bxf3 15. gxf3 c6 $11 {Pajeken,W-Rozentalis,E/Germany,2002(0-1)
(36)}) 10... h6 11. Bxf6 Qxf6 12. Qxf6 gxf6 {Position of White more preferably
at the expense of the best pawn chain, but after exchange of the queens,White
should play extreme precisely to receive a advantage.} 13. b4 Bb7 14. Nf4 {
[%csl Yc3,Yf4] In my opinion, fields "c3" or "f4" - it's "best parkings" for
White's knight.} f5 15. Be2 $14 {()} Ne7 16. f3 d6 ({Is a possible
continuation of the play:} 16... Ng6 $5 17. Nh5 {[%csl Rf6]} Kf8 18. h3 $14 {
[%cal Gg2g4]}) 17. Kf2 c5 $5 {Differently,Black will be in a complete clip,
after: Rhg1/\g4.} 18. Rhd1 Red8 {[%csl Ya8,Yb7,Yd8,Ye7] All Black's pieces
have occupied ideal positions and are ready to opening a position.} 19. dxc5
dxc5 20. Rxd8+ $6 {It's discrepancy, which allows to receive a equality for
contender.} ({Can be recommended:} 20. bxc5 bxc5 $140 (20... Rxd1 $2 21. Rxd1
bxc5 $140 $2 22. Rd7 {[%csl Rb7,Re7]}) 21. Nd3 $1 {[%csl Rc5]} Rac8 (21... Rdc8
$6 22. Rab1 Ba6 (22... Rab8 $2 23. Nxc5 $1 Rxc5 24. Rd7 $16 {[%csl Rb7,Gd7,Re7]
}) 23. Ne5 {[%csl Ra6][%cal Gd1d6,Gd6a6]} Rd8 24. Nd7 Rac8 25. Rd6 $36) 22.
Nxc5 (22. Rab1 $5 Ba6 23. Ne5 $14) 22... Rxd1 23. Rxd1 Bxf3 (23... Rxc5 $144
24. Rd7 Bxf3 25. gxf3 Nc6 26. f4 $14) 24. gxf3 (24. Bxf3 $143 Rxc5 25. Rd7 Nc6
{[%csl Gc6][%cal Gc6e5]} (25... Ng6 $5) 26. Rc7 $140 Ne5 27. Rxc5 $6 (27. Rxa7
$142 Rxc4 $11) 27... Nd3+ 28. Ke2 Nxc5 29. Kd2 e5 30. Kc3 a5 {[%csl Ya5,Yc5,
Ye5][%cal Ya5b4,Ye5d4]}) 24... Rxc5 25. Rd7 $14 {-this line transfers to 23...
Rxc5.}) 20... Rxd8 21. Nd3 ({Now leads only to equality:} 21. bxc5 bxc5 22. Nd3
Rc8 23. Rb1 Ba6 24. Ne5 Rd8 {[%csl Yd8][%cal Gf7f6]} (24... f6 $2 25. Nd7 {
[%csl Rf6]} Kf7 $140 $2 26. Nb8 {[%csl Ra6]})) 21... Rc8 22. Rb1 {[%csl Rb7]} (
{After:} 22. bxc5 bxc5 23. Rb1 Ba6 {We can receive the same position, as in
previous variant.}) 22... cxb4 $1 23. axb4 Rc7 {The game of Black corresponds
to the requirements of a position.} (23... Rxc4 $4 {is refuted by:} 24. Nc5 {
[%csl Rb7,Rc4]}) 24. Ra1 Nc8 25. Ra4 (25. c5 $5 Bd5 26. Rc1 Ne7 {+/=/=}) 25...
Kf8 26. b5 ({A little bit better is:} 26. c5) 26... Nd6 $11 {[%csl Rc4] It is
necessary to improve an location of the knight.} 27. Nc1 ({Senselessly:} 27.
Ne5 {because of:} f6 {[%csl Rc4,Ye5][%cal Ye5c4,Gf6e5]}) 27... Bc8 28. Na2 Bd7
29. Nb4 Ke7 (29... Nxc4 $4 30. Na6 Bxb5 (30... Nb2 $143 31. Rd4 $1 {[%csl Rb2,
Yc7,Rd7][%cal Ya6c7,Yc7d7]} Rb7 $140 32. Rb4 {[%csl Rb2]}) 31. Nxc7 Bxa4 32.
Bxc4 Ke7 33. Na6 $16 {[%csl Ya6]}) 30. Na6 {Please pay your attention to the
fantastic work of the White's knight.} ({After:} 30. Na6 {the contenders is
agreed for draw, because of next variants:} Rc8 31. Nb4 $5 Rc7 (31... Nxc4 $4
32. Bxc4 Rxc4 $140 33. Nc6+ {[%csl Rc4,Re7]} Bxc6 (33... Rxc6 $143 34. bxc6
Bxc6 35. Rxa7+ {[%csl Rb6,Rc6,Rf7][%cal Ga7a6]} Bd7 $8 36. Kg3 {+/-/+-}) 34.
Rxc4 Bxb5 35. Rc7+ Kf6 36. Rxa7 Bc4 $16 {[%csl Yc4][%cal Gb6b5]}) 32. Na6 Rc8
$11) 1/2-1/2

[Event "Petrov Memorial op"]
[Site "St Petersburg"]
[Date "2000.02.14"]
[Round "7"]
[White "Ragozin, Evgeni"]
[Black "Aseev, Konstantin N"]
[Result "1-0"]
[WhiteElo "2475"]
[BlackElo "2517"]
[Annotator "Golod,V"]
[PlyCount "73"]
[EventDate "2000.02.05"]
[EventType "swiss"]
[EventRounds "9"]
[EventCountry "RUS"]
[SourceTitle "CBM 076"]
[Source "ChessBase"]
[SourceDate "2000.05.31"]
[SourceVersion "1"]
[SourceVersionDate "2000.05.31"]
[SourceQuality "1"]

1. d4 Nf6 2. c4 e6 3. Nc3 Bb4 4. Qc2 O-O 5. a3 Bxc3+ 6. Qxc3 d6 7. f3 c5 $5 {
[%mdl 4] Besides this move black has seven options:} (7... Nh5 $5 {[%cal Gd8h4]
See comments to Timman,J-Nikolic,P/Wijk aan Zee,2000/CBM75(1/2-1/2) (Golod,V)
(27)}) (7... Qe7) (7... Re8) (7... Nbd7) (7... Nc6) (7... e5 $5 8. dxe5 dxe5 9.
Qxe5 Nc6 10. Qc3 Nh5 11. Be3 f5 12. Nh3 (12. Bc5 $5 Re8 13. Rd1 Qh4+ 14. Bf2
Qe7 15. e3 $14) 12... f4 13. Bf2 Bxh3 14. gxh3 Qe7 $13 {Nemet,I-Vaganian,R/
Valenzia,1974/Inf 18/578(0-1)(46)}) ({and} 7... d5 $5 {(againts 8.e4,though
black agree to lose tempo).See Kasparov,G-Sax,G/Reykjavik, 1988/Inf 46/751(1-0)
(Sax,Gy)(38)}) 8. dxc5 ({Dubious:} 8. e4 {because of:} cxd4 9. Qxd4 Nc6 {
with the idea 10...d5}) 8... dxc5 9. Bg5 $5 $146 {A novelty on the early stage
of the game.White's idea is very simple: e3(control over point d4), Bd3,Ne2
and 0-0 or 0-0-0.} ({Besides:} 9. b4 Nbd7 (9... Qe7 10. e3 e5 11. Bb2 Re8 12.
Ne2 cxb4 $5 13. axb4 $140 b5 14. cxb5 Nd5 15. Qd2 Qxb4 16. e4 Qxd2+ 17. Kxd2
Nb6 $11 {Mitev,G-Genov,P/BUL-ch,1991(1/2-1/2)(41)}) 10. Bb2 b6 11. h4 $6 (11.
e4 $5) 11... Bb7 12. h5 h6 $15 {Kelecevic,N-Duer,A/AUT-chT,1991 (0-1)(55)}) ({
and} 9. Bf4 {[%csl Rd6][%cal Ga1d1] (was checked in the previous games)} Qe7
10. Rd1 Ne8 11. e4 Nc6 {[%csl Rd4]} 12. e5 f6 13. Bd3 $6 (13. exf6 $142) 13...
Qc7 14. Nh3 fxe5 15. Bg3 Nf6 16. O-O Nh5 17. Rfe1 Nxg3 18. hxg3 Nd4 {=/=/+
Ruzele,D-Kurajica,B/Yerevan,1996(0-1) (45)}) 9... Nc6 {(><d4,e5) In my
opinioin it's best move.} 10. e3 ({Gross yawn:} 10. e4 $2 Nxe4 $1 11. Qxg7+ (
11. Bxd8 Nxc3 12. Bc7 Nd4 $1 {[%csl Ra1,Re1][%cal Gd4c2]} 13. Rc1 Na4 $17)
11... Kxg7 12. Bxd8 Rxd8 13. fxe4 Rd4 $17 {[%csl Re4]}) 10... e5 ({Now already
badly:} 10... Ne4 {in view of:} 11. Bxd8 (11. Qxg7+ $143 Kxg7 12. Bxd8 Rxd8 13.
fxe4 Ne5 14. Nf3 Kf6 $1 $44) 11... Nxc3 12. Bc7 Na4 $8 13. b3 Nb6 14. Bd6 $16 {
[%csl Rc5,Rf8]}) 11. Bd3 ({Worse is previously:} 11. Rd1 Qe7 12. Bd3 {because
of:} Ne4 13. Bxe4 (13. Bxe7 Nxc3 14. Bxf8 Nxd1 15. Kxd1 Kxf8 $11) 13... Qxg5
$13) 11... Be6 12. Ne2 {+/=/=} h6 $5 (12... e4 {is refuted by:} 13. Bxf6 Qxd3
14. Bxg7 Qxc3+ 15. Bxc3 Bxc4 $14) 13. Bxf6 ({Dubious:} 13. Bh4 {in view of:}
Ne4 14. Bxe4 (14. Bxd8 $143 Nxc3 $15) 14... Qxh4+ 15. g3 $11) 13... Qxf6 14.
Ng3 {There are two options:} (14. O-O $5) ({and} 14. O-O-O $5 Qg5 $140 15. f4
$1 Qxg2 16. Ng3 $36) 14... Rac8 $5 {<->c} 15. O-O ({It deserves attention:} 15.
O-O-O) 15... Qe7 ({Dubious:} 15... g6 {(/\h5-h4) because of:} 16. f4 $36) 16.
Be4 {[%csl Gc3,Yc6,Re5][%cal Ge4c6,Gc3e5]} Bd7 {[%csl Re5,Ye7][%cal Gf7f5]} ({
Very interestingly:} 16... Rfd8 17. Bxc6 Rxc6 18. Qxe5 f6 19. Qe4 (19. Qc3 $6
Rcd6 $36) 19... Qd7 {with quite good compensation behind pawn.}) 17. Rad1 f5
18. Bc2 {White's plan is: Rd2,Rfd1 and play on <->d} ({Probably could be
recommended:} 18. Bd5+ Kh8 19. Rf2 {[%cal Gf2d2] +/=/=}) 18... g6 {><f5;/\Rfd8,
Be6 or Be8} 19. Rd2 Rfd8 20. Ba4 (20. Rfd1 $144 Be8 (20... Be6 $143 21. Ba4 {
[%csl Yc6,Re5][%cal Ga4c6]}) 21. Ba4 {transfer to 20.Ba4}) 20... Be8 {By the
exact play in the middlegame Konstantin Aseev equalizes.} 21. Rfd1 {White's
menace is: Rxd8(twice), Bc6(קe5)} Rxd2 22. Rxd2 ({Much worse is:} 22. Qxd2 Rd8
23. Qc2 Rxd1+ 24. Qxd1 Bf7 $11 {[%csl Gf7][%cal Gf7c4]}) 22... b6 $5 ({Good
enough for equality:} 22... Bf7) 23. Rd5 $140 Bf7 $1 {[%mdl 512]} 24. Bxc6 Rxc6
25. Rxe5 {It's third and the last move of the white rook.} Qd8 {[%csl Re5]
[%cal Gd8d1] Now black has a good compensation behind pawn.} 26. h3 $6 {
[%csl Yh2][%cal Yg1h2]} ({From my point of view a little better is:} 26. Nf1
Rd6 $44) 26... Rd6 (26... Qh4 $6 27. Kh2 Rd6 28. b4 $14) 27. Nf1 ({After:} 27.
e4 {very strongly:} f4 (27... Rd3 $2 28. Rd5 Rd1+ 29. Rxd1 Qxd1+ 30. Kf2 $14)
28. Ne2 Rd1+ (28... Rd3 $2 29. Rd5 Rd1+ 30. Rxd1 Qxd1+ 31. Kf2 $14) 29. Kh2 Qh4
$40 {[%csl Rh2]}) 27... Rd1 {/\Qd3(weakness pawns of queen side)} 28. Qc2 Qd6
$1 29. f4 $140 (29. Rd5 Rxd5 30. cxd5 Bxd5 $15 {_|_}) 29... Qd3 $15 30. Qxd3
Rxd3 31. Kf2 $2 ({It is necessary:} 31. e4 Bxc4 $140 32. Kh2 $1 $15) 31... Rb3
$17 {[%csl Ra3,Rb2,Rc4]} ({Weakly:} 31... Bxc4 {in view of:} 32. Ke1 {=/=/+}
Rb3 $140 $4 33. Nd2 {[%csl Rb3,Rc4]}) 32. Nd2 Rxb2 33. Ke1 Ra2 {[%csl Ra3]} 34.
g4 fxg4 35. hxg4 Kf8 $5 {[%csl Re7][%cal Yf8e7]} 36. f5 Rxa3 37. f6 {Black
lost on time in absolutely winning position:} (37. f6 Rc3 38. Re7 Bxc4 39. Nf3
{[%cal Gf3e5]} Rc1+ $1 40. Kf2 (40. Kd2 Rf1 41. Ne5 Rxf6 {[%csl Re7]} 42. Rxa7
Bb5 $19) 40... Rf1+ 41. Kg2 Be2 42. Ne5 Rxf6 43. Rxa7 Ke8 $19) 1-0

[Event "USA-ch GpA"]
[Site "San Diego"]
[Date "2006.03.10"]
[Round "8"]
[White "Goldin, Alexander"]
[Black "De Firmian, Nick E"]
[Result "1-0"]
[WhiteElo "2598"]
[BlackElo "2547"]
[Annotator "Golod,V"]
[PlyCount "79"]
[EventDate "2006.03.02"]
[EventType "swiss"]
[EventRounds "9"]
[EventCountry "USA"]
[SourceTitle "CBM 112"]
[Source "ChessBase"]
[SourceDate "2006.06.07"]
[SourceVersion "1"]
[SourceVersionDate "2006.06.07"]
[SourceQuality "1"]

1. d4 Nf6 2. c4 e6 3. Nc3 Bb4 4. Qc2 O-O 5. a3 Bxc3+ 6. Qxc3 d6 7. Bg5 Nbd7 8.
Nf3 b6 9. Nd2 ({The another main continuation is:} 9. e3) 9... Bb7 10. f3 c5
11. e4 cxd4 (11... Re8 $5 {can also be recommended.}) 12. Qxd4 Qc7 13. Be2 a5
$5 $146 {[%cal Yd7c5,Ya5a4] Black wants to play 14...a4, to fixate white's
pawns on the queenside and provide black's knight a good place on "c5". The
downside of this move is the weakened "b5" square.} ({The attempt to open the
center right away, deserves some attention. However, White keeps the advantage
due to the bishop pair:} 13... Rfe8 14. O-O d5 {Schwarz will klare
Verhältnisse im Zentrum schaffen, obwohl er durch die Öffnung des Spiels bei
etwas passiverer Stellung jetzt einem anhaltenden leichten Druck unterworfen
wird.} 15. cxd5 exd5 16. Rac1 Qd6 17. Bb5 Re6 18. Rfe1 dxe4 19. Qxd6 Rxd6 20.
fxe4 Ne5 21. Bf4 $14 {Sokolov,I-Sadkowsky,D/Antwerp,1996(1-0)(50)}) ({or} 13...
d5 $5 14. exd5 exd5 15. O-O Rac8 16. Rfe1 Rfe8 {1/2-1/2 Hillarp Persson,
T-Stefansson,H/Reykjavik,1997(16)}) 14. O-O h6 15. Bh4 {+/=/=} e5 {Black is
trying to create some counterplay, while White hasn't regrouped his pieces yet.
} (15... a4 $143 16. Rad1 $14 {[%csl Ra4,Rd6][%cal Gc3a4,Yd2b1,Yb1c3,Yc3b5]})
16. Qc3 a4 (16... Nh5 $5 17. Rfe1 Nf4 18. Bf1 a4 19. Bf2 Nc5 $132) 17. Rad1 Nh5
18. Rfe1 Nc5 19. Nf1 {[%csl Rd5,Rf5][%cal Yf1e3,Ye3f5,Ye3d5]} f5 {The game of
Black corresponds to the requirements of a position.} 20. exf5 Rxf5 21. Ne3 (
21. g4 $2 Rf4 {>< Bh4} 22. Bf2 Nf6 23. Bg3 Ne6 $1 24. Bxf4 Nxf4 $36) 21... Rf4
22. Bg3 $6 {A little bit strange decision, it was more logical to keep the
bishop.} (22. Bf2 $5) 22... Rf7 $6 {A returned courtesy from Black. Why not
take the bishop?} (22... Nxg3 $5 23. hxg3 Rf6 $13) 23. Bd3 Nf4 $2 {Black
didn't take white's dark squared bishop, for the 2nd time, and soon gets in a
tough position.} (23... Nxg3 $5 24. hxg3 Raf8 25. Bb1 Rf6 $13) 24. Bb1 Raf8 25.
Qc2 $14 {/^ b1-h7 >< Kg8} e4 26. Nd5 $1 Bxd5 (26... Nxd5 $2 27. cxd5 $16 {
[%csl Re4,Rg8]}) 27. cxd5 Nfd3 28. Re3 b5 {[%csl Rg1][%cal Gc7b6,Cf3e4]} 29. h3
{Black's pieces are "hanging" and thus Alexander Goldin decides to get his
king to safety, first of all. Instead, he could have just taken the pawn, as
Black didn't have any concrete threats against White.} (29. fxe4 $5 Qb6 (29...
Ne5 $5) 30. e5 $1 dxe5 31. Bxe5 Rf2 (31... Nxe5 $4 32. Qh7#) 32. Qc3 Nxe5 33.
Qxe5 $16) 29... Qb6 30. Kh2 b4 (30... Re7 $142 {/\Ne5 +/=/+/-}) 31. fxe4 $16 b3
$6 ({Also, after:} 31... Ne5 32. axb4 Nb3 ({or} 32... Qxb4 33. Bxe5 dxe5 34.
Qc3 Qxc3 35. Rxc3 $16) 33. Qc3 Rc7 34. Qe1 $16 {Black is still in a tough
position.}) 32. Qc3 Ne5 33. Bxe5 dxe5 34. Qxe5 Nd7 35. Qg3 $6 (35. Qd4 $142 {
/\e5} Rf2 36. e5 $1 Qxd4 37. Rxd4 Rxb2 38. e6 $18) 35... Rf1 $2 {The last
resort for Black to continue the fight was to blockade white's pawns:} (35...
Ne5 $1 36. d6 (36. Rc3 $2 Rf1 37. Rxf1 Rxf1 38. Qxe5 Qg1+ 39. Kg3 Qf2+ 40. Kg4
(40. Kh2 Qg1+ 41. Kg3 Qf2+ $11) 40... Qxg2+ 41. Rg3 (41. Kh4 $4 Rf4+ $1 42.
Qxf4 (42. Kh5 $2 g6+ 43. Kxh6 Rh4+) 42... g5+ 43. Kh5 gxf4 44. Kxh6 Qxb2 $19) (
41. Qg3 $2 Qe2+ 42. Rf3 $8 Rxb1 $40) 41... Qe2+ 42. Kh4 g5+ 43. Rxg5+ hxg5+ 44.
Qxg5+ Kf7 45. Bd3 $1 Qxd3 $140 46. Qh5+ Ke7 47. Qe5+ {with perpetual check}) (
36. Bd3 $5) 36... Rf1 37. Rxf1 Rxf1 38. d7 Nxd7 39. Bd3 $16) 36. Rxf1 Rxf1 37.
Bd3 $18 Rd1 38. e5 {The rest is easy without comments.} Qd4 39. e6 Nf6 40. Qb8+
1-0

[Event "Corus"]
[Site "Wijk aan Zee"]
[Date "2000.01.19"]
[Round "4"]
[White "Timman, Jan H"]
[Black "Nikolic, Predrag"]
[Result "1/2-1/2"]
[WhiteElo "2655"]
[BlackElo "2659"]
[Annotator "Golod,V"]
[PlyCount "54"]
[EventDate "2000.01.15"]
[EventType "tourn"]
[EventRounds "13"]
[EventCountry "NED"]
[EventCategory "18"]
[SourceTitle "CBM 075"]
[Source "ChessBase"]
[SourceDate "2000.04.05"]
[SourceVersion "1"]
[SourceVersionDate "2000.04.05"]
[SourceQuality "1"]

1. d4 Nf6 2. c4 e6 3. Nc3 Bb4 4. Qc2 O-O 5. a3 Bxc3+ 6. Qxc3 d6 7. f3 ({
Other alternatives are:} 7. Bg5 {See comments to Cramling,P-Kortschnoj,V/
Marbella,1999/CBM 74(1/2-1/2)(Golod,V)(23)}) ({and} 7. Nf3 $5 {See comments to
Van Wely,L-Timman,J/ Breda,1998/CBM 65 (1/2-1/2)(Golod,V) (32)}) 7... Nh5 $5 {
[%cal Gd8h4][%mdl 4] Besides this move black has several options:} (7... c5 $5)
(7... Qe7) (7... Re8) (7... Nbd7) (7... Nc6) (7... e5 $5 8. dxe5 dxe5 9. Qxe5
Nc6 10. Qc3 Nh5 11. Be3 f5 12. Nh3 (12. Bc5 $5 Re8 13. Rd1 Qh4+ 14. Bf2 Qe7 15.
e3 $14) 12... f4 13. Bf2 Bxh3 14. gxh3 Qe7 $13 {Nemet,I-Vaganian,R/Valenzia,
1974/Inf 18/578(0-1)(46)}) ({and} 7... d5 $5 {(againts 8.e4,though black agree
to lose tempo).See comments to Kasparov,G- Sax,G/Reykjavik,1988/Inf 46/751(1-0)
(Sax,Gy)(38)}) 8. g4 $5 $146 {[%mdl 8] It is a new interesting idea of Jan
Timman.} (8. g3 $5 f5 9. Nh3 Qe8 10. b3 e5 11. Bb2 Nc6 12. d5 Nd8 13. f4 Nf7
14. Bg2 {+/=/= Ivanchuk,V-Nikolic,P/Monte Carlo,1999 (0-1)(34)}) (8. e4 Qh4+ 9.
g3 $4 (9. Kd1 $5 f5 10. Nh3 {[%csl Rh4][%cal Gc1g5]} h6 11. g3 Qd8 12. exf5
exf5 13. Bg2 $13) 9... Nxg3 10. hxg3 Qxh1 11. Nh3 e5 12. g4 exd4 13. Qb3 {
[%cal Yb3f3]} Nd7 14. Bf4 Nc5 15. Qd1 Re8 16. Qe2 Bxg4 17. Nf2 Qxf3 18. Nxg4 {
0-1 DeTeresa,A-Rodriguez,A/ Malaga,1991 (18)}) 8... Qh4+ 9. Kd1 Nf6 ({It is
impossible:} 9... Ng3 $2 {because of:} 10. Qe1 Nf5 $8 11. gxf5 Qxd4+ 12. Qd2
Qxc4 13. fxe6 Bxe6 $16) 10. Nh3 {[%csl Rh4][%cal Gc1g5]} h6 11. g5 e5 $1 {
[%csl Rh3] Black reacts hit for hit. In my opinion it's the best continion of
the game.} ({Weakly:} 11... Ne8 12. gxh6 e5 {[%csl Rh3]} 13. hxg7 Nxg7 14. Bg5
Qxd4+ 15. Qxd4 exd4 16. Rg1 f6 17. Bh6 Rf7 18. e4 $16) 12. gxf6 Bxh3 ({Loses:} 
12... exd4 $2 {in view of:} 13. Qe1) 13. fxg7 Re8 14. Bxh3 Qxh3 15. Qe3 {
White wants get to the black's king,but to pass black's queen is impossible.} (
15. Rg1 $6 Qxh2 16. Qe3 Nc6 17. d5 Nd4 $15) 15... Nd7 16. d5 Kxg7 17. Bd2 {
/\Kc2 and Rag1 or Rhg1} Kh7 18. Kc2 Rg8 19. Rhg1 a6 {[%csl Rc4,Rd5][%cal Gb7b5]
} 20. b4 Rg6 ({Now dubious:} 20... b5 {because of:} 21. Qd3+ {[%csl Rb5,Rh7]})
21. Qd3 Rag8 22. Rg3 Qh5 ({It leaded to unclear game for both sides:} 22...
Qxh2 23. Rag1 {[%cal Gd3f5]} Qh5) 23. f4 {with the idea 24.Rh3 Qg4 25.f5()} f5
24. Rh3 Qg4 25. Rg3 Qh5 {For black is better to repeat moves than go to
another position:} (25... e4 26. Qe3 Qh5 27. Rh3 Qg4 28. Bc3 {[%csl Gc3,Rh7]})
26. Rh3 Qg4 27. Rg3 Qh5 $11 {Game was ended in the draw because players didn't
want to risk.} 1/2-1/2

[Event "RUS-ch51"]
[Site "St Petersburg"]
[Date "1998.08.03"]
[Round "7"]
[White "Dreev, Alexey"]
[Black "Razuvaev, Yuri S"]
[Result "1-0"]
[WhiteElo "2645"]
[BlackElo "2560"]
[Annotator "Golod,V"]
[PlyCount "79"]
[EventDate "1998.07.28"]
[EventType "swiss"]
[EventRounds "11"]
[EventCountry "RUS"]
[SourceTitle "CBM 067"]
[Source "ChessBase"]
[SourceDate "1998.11.30"]
[SourceVersion "2"]
[SourceVersionDate "1998.11.01"]
[SourceQuality "1"]

{[%mdl 24696]} 1. d4 Nf6 2. c4 e6 3. Nc3 Bb4 4. Qc2 O-O 5. a3 Bxc3+ 6. Qxc3 b6
7. Bg5 Bb7 ({Another line is:} 7... c5) 8. e3 d6 9. Nf3 (9. f3 $5 {See
comments to Schandorff,L-Hansen,C/Taastrup 1998(cbm 65),1/2-1/2 (35) Golod,V})
9... Nbd7 10. Nd2 c5 (10... e5 $5) 11. f3 (11. dxc5 $143 {See comments to
Dreev,A-Salov,V/President's Cup 1998(cbm65),1/2-1/2 (36) Golod,V}) 11... Rc8 $5
({Black has several options:} 11... h6 $5) (11... cxd4 $5) (11... d5 $5 {
(see comments to Dreev,A-Salov,V)}) 12. Be2 (12. dxc5 $5 Rxc5 13. Bh4 d5 14. b4
Rc8 15. Qb2 Qc7 16. Bg3 e5 17. Be2 Nh5 18. Bf2 {See the game}) 12... d5 13.
dxc5 Rxc5 (13... bxc5 $143 14. O-O {White has a slight positional advantage})
14. b4 Rc8 15. Qb2 Qc7 16. Bf4 $5 (16. O-O $143) 16... e5 17. Bg3 Nh5 18. Bf2
e4 $6 $146 {After this move white has strong centre and play on the king side}
(18... d4 19. O-O dxe3 20. Bxe3 Nf4 21. Bxf4 exf4 22. Nb3 Rfe8 23. Rfd1 Re3 24.
Rd2 Qe5 25. Rad1 Qxb2 26. Rxb2 $14 {1-0 Chekhov,V-Onischuk,A/BL2-N 1996 (38)})
(18... dxc4 $5 19. Nxc4 Bd5 20. Nd2 f5 21. O-O Qc3 22. Qxc3 Rxc3 23. Rfd1 Nhf6
24. Ba6 {1/2-1/2 Hillarp Persson,T-Petursson,M/Aruna 1997}) 19. f4 $14 dxc4 {
[%cal Gc4c3]} (19... Nhf6 20. O-O $14 (20. Rc1 $144)) 20. Nxc4 (20. Bxh5 $2 c3
21. Qc2 Nf6 (21... cxd2+ 22. Qxd2 Nf6 23. Be2 Rfd8 $17)) 20... Bd5 $5 {(<->c)}
21. Nd2 Nhf6 22. O-O Qc2 23. Qxc2 (23. Qd4 $6 Rfd8 24. Rfd1 Bb7 $36 {/\Nf8})
23... Rxc2 24. Rfd1 Rfc8 $6 (24... h5 $5 25. h3 Rfc8 26. g4 $2 (26. Bb5 $5 $14)
26... hxg4 27. hxg4 Be6 $1 28. f5 Bd5 {[%cal Gd7e5]} 29. Bg3 Bb7 $15 {[%cal
Gf6d5]}) 25. g4 $1 {White has strong initiative in the king side} h6 $6 (25...
Be6 $5) 26. g5 $1 {[%cal Ge2g4]} hxg5 27. fxg5 Nh7 28. Bg4 Nhf8 $6 (28... Rd8
$5 29. Nf3 $5 Ndf8 30. Nd4 Rc3 31. h4 $14) 29. Bg3 {[%cal Gg3b8,Yg4c8]} R8c3 $5
(29... Re8 $5 30. Rac1 Rxc1 31. Rxc1 {+/=/+/-}) 30. Bf5 $1 {[%csl Re4]} Rb2 $2
(30... Rxe3 $142 31. Nf1 {[%csl Rd5,Re3]} Rd3 $8 (31... Rxg3+ $2 32. Nxg3 Ne5
33. Rxd5 Nf3+ 34. Kf1 Nxh2+ 35. Ke1 Nf3+ 36. Kd1 Rg2 37. Ne2 $18) 32. Rxd3 exd3
33. Ne3 Ra2 (33... Be6 $2 34. Bxe6 Nxe6 35. Nxc2 dxc2 36. Rc1 Nd4 37. Kf2 $18 {
[%cal Gf2e3]}) 34. Rxa2 Bxa2 35. Bxd3 Ne6 36. h4 {+/=/+/-_|_}) 31. Nxe4 Bxe4 $8
32. Bxe4 Rxe3 33. Re1 $1 $16 {(<->e)} Rxe1+ 34. Rxe1 Ne6 (34... a5 $5) 35. g6 {
[%csl Re6,Rf7,Rg8][%cal Ge4d5,Gd5g8]} Nf6 $6 (35... Rd2 $5) 36. Bd3 $1 {
[%csl Re6,Rf7,Rg8][%cal Gd3c4,Rc4g8]} Nd4 $4 (36... Rd2 $5 37. Bc4 (37. gxf7+
Kxf7 38. Bc4 Nd5 39. Re5 $16) 37... Ng5 38. Re3 $16) 37. Bc4 $1 $18 Nf3+ (37...
Kh8 38. Re8+ $5 (38. gxf7) 38... Nxe8 39. gxf7 Nf3+ 40. Kh1 Rb1+ 41. Kg2) 38.
Kh1 Rd2 (38... Nxe1 39. gxf7+ Kf8 40. Bd6#) 39. Re7 b5 40. Rxa7 $1 {[%csl Rg8]
[%cal Ga7a8]} (40. Rxa7 Rd8 41. gxf7+ Kh7 (41... Kf8 $143 42. Bd6+ Rxd6 43.
Ra8+) 42. Bd3+ {/\Bd6}) 1-0